Normal view
MARC view
Entry Nombre corporativo
001 - NÚMERO DE CONTROL
- campo de control: 71191
003 - IDENTIFICADOR DEL NÚMERO DE CONTROL
- campo de control: BNPHU
005 - FECHA Y HORA DE LA ÚLTIMA TRANSACCIÓN
- campo de control: 20250919112546.0
008 - DATOS DE LONGITUD FIJA
- campo de control de longitud fija: 200615|| aca||aabn | a|a d
040 ## - FUENTE DE LA CATALOGACIÓN
- Centro catalogador/agencia de origen: DO-SdBNPHU
- Lengua de catalogación: spa
- Centro/agencia transcriptor: BNPHU
- Normas de descripción: rda
110 1# - ENCABEZAMIENTO-NOMBRE DE ENTIDAD CORPORATIVA
- Nombre de entidad corporativa o nombre de jurisdicción como elemento de entrada: República Dominicana.
- Unidad subordinada: Corte de Constitucionalidad
372 ## - CAMPO DE ACTIVIDAD
- Campo de actividad: Tribunales constitucionales
377 ## - LENGUA/LENGUAJE ASOCIADO
- Código del idioma: spa
410 2# - TRAZADO DE VÉASE--NOMBRE DE ENTIDAD CORPORATIVA
- Nombre de entidad corporativa o nombre de jurisdicción como elemento de entrada: Tribunal Constitucional. República Dominicana
410 1# - TRAZADO DE VÉASE--NOMBRE DE ENTIDAD CORPORATIVA
- Nombre de entidad corporativa o nombre de jurisdicción como elemento de entrada: República Dominicana
- Unidad subordinada: Tribunal Constitucional.
670 ## - FUENTE DE DATOS ENCONTRADOS
- Cita de la fuente: Work cat.: (OSt)42982: Ray Guevara, Milton 42899, Audiencia solemne de rendición de cuentas 2013 /, 2014.
670 ## - FUENTE DE DATOS ENCONTRADOS
- Cita de la fuente: https://librunam.dgb.unam.mx:8443/F/2SCKAN6645TVIYTX4RJ9P4PGK32PEU4I39HDB8VKUFBKAMUQ68-06004?func=full-set-set&set_number=001551&set_entry=000001&format=001 Consultado en 19/09/2025
